<?xml version="1.0" encoding="UTF-8"?>
<record
    xmlns:xsi="http://www.w3.org/2001/XMLSchema-instance"
    xsi:schemaLocation="http://www.loc.gov/MARC21/slim http://www.loc.gov/standards/marcxml/schema/MARC21slim.xsd"
    xmlns="http://www.loc.gov/MARC21/slim">

  <leader>01134nam a22002657a 4500</leader>
  <controlfield tag="001">7482</controlfield>
  <controlfield tag="003">FISKH</controlfield>
  <controlfield tag="005">20250728104030.0</controlfield>
  <controlfield tag="008">250721b        cb ||||| |||| 00| 0 eng d</controlfield>
  <datafield tag="020" ind1=" " ind2=" ">
    <subfield code="a">9781009309288</subfield>
  </datafield>
  <datafield tag="040" ind1=" " ind2=" ">
    <subfield code="a">FISKH</subfield>
    <subfield code="b">eng</subfield>
    <subfield code="c">FISKH</subfield>
    <subfield code="d">FISKH</subfield>
  </datafield>
  <datafield tag="050" ind1=" " ind2=" ">
    <subfield code="a">PZ7 </subfield>
  </datafield>
  <datafield tag="082" ind1=" " ind2=" ">
    <subfield code="a">004</subfield>
  </datafield>
  <datafield tag="100" ind1=" " ind2=" ">
    <subfield code="a">Cattanach-Chell, Ceredig </subfield>
  </datafield>
  <datafield tag="245" ind1=" " ind2=" ">
    <subfield code="a">Cambridge primary computing : </subfield>
    <subfield code="b">Learner's Book 5 / </subfield>
    <subfield code="c">Ceredig Cattanach-Chell ; Yianni Dimitriadis &amp; Bernie Fishpool </subfield>
  </datafield>
  <datafield tag="260" ind1=" " ind2=" ">
    <subfield code="a">United Kingdom : </subfield>
    <subfield code="b">Cambridge University Press, </subfield>
    <subfield code="c">2023.</subfield>
  </datafield>
  <datafield tag="300" ind1=" " ind2=" ">
    <subfield code="a">269 pages : </subfield>
    <subfield code="b">color illustrations ; </subfield>
    <subfield code="c">28 cm </subfield>
  </datafield>
  <datafield tag="490" ind1=" " ind2=" ">
    <subfield code="a">Cambridge University Press </subfield>
  </datafield>
  <datafield tag="520" ind1=" " ind2=" ">
    <subfield code="a">Bring computing to life for your learners with the Cambridge Primary Computing Learner's Book 5 with Digital Access. From writing an algorithm to control a spaceship to exploring Artificial Intelligence, this book introduce learners to key computing concepts in a fun and effective way. </subfield>
  </datafield>
  <datafield tag="650" ind1=" " ind2=" ">
    <subfield code="a">Computing</subfield>
    <subfield code="v">Artificial Intelligence</subfield>
    <subfield code="x"> Concept</subfield>
  </datafield>
  <datafield tag="700" ind1=" " ind2=" ">
    <subfield code="a">Dimitriadis,Yianni  </subfield>
    <subfield code="e">Author </subfield>
  </datafield>
  <datafield tag="700" ind1=" " ind2=" ">
    <subfield code="a">Fishpool, Bernie </subfield>
    <subfield code="e">Author </subfield>
  </datafield>
  <datafield tag="942" ind1=" " ind2=" ">
    <subfield code="2">ddc</subfield>
    <subfield code="c">BK</subfield>
    <subfield code="n">0</subfield>
  </datafield>
  <datafield tag="999" ind1=" " ind2=" ">
    <subfield code="c">7482</subfield>
    <subfield code="d">7482</subfield>
  </datafield>
  <datafield tag="952" ind1=" " ind2=" ">
    <subfield code="0">0</subfield>
    <subfield code="1">0</subfield>
    <subfield code="2">ddc</subfield>
    <subfield code="4">0</subfield>
    <subfield code="7">0</subfield>
    <subfield code="8">NFIC</subfield>
    <subfield code="a">001</subfield>
    <subfield code="b">001</subfield>
    <subfield code="c">LSHTK</subfield>
    <subfield code="d">2025-07-21</subfield>
    <subfield code="l">0</subfield>
    <subfield code="o">CAT 004 PZ7 </subfield>
    <subfield code="p">2025-1874</subfield>
    <subfield code="r">2025-07-21 14:49:42</subfield>
    <subfield code="t">1</subfield>
    <subfield code="w">2025-07-21</subfield>
    <subfield code="y">BK</subfield>
  </datafield>
  <datafield tag="952" ind1=" " ind2=" ">
    <subfield code="0">0</subfield>
    <subfield code="1">0</subfield>
    <subfield code="2">ddc</subfield>
    <subfield code="4">0</subfield>
    <subfield code="7">0</subfield>
    <subfield code="8">NFIC</subfield>
    <subfield code="a">001</subfield>
    <subfield code="b">001</subfield>
    <subfield code="c">LSHTK</subfield>
    <subfield code="d">2025-07-21</subfield>
    <subfield code="l">0</subfield>
    <subfield code="o">CAT 004 PZ7 </subfield>
    <subfield code="p">2025-1875</subfield>
    <subfield code="r">2025-07-21 14:49:53</subfield>
    <subfield code="t">2</subfield>
    <subfield code="w">2025-07-21</subfield>
    <subfield code="y">BK</subfield>
  </datafield>
  <datafield tag="952" ind1=" " ind2=" ">
    <subfield code="0">0</subfield>
    <subfield code="1">0</subfield>
    <subfield code="2">ddc</subfield>
    <subfield code="4">0</subfield>
    <subfield code="7">0</subfield>
    <subfield code="8">NFIC</subfield>
    <subfield code="a">001</subfield>
    <subfield code="b">001</subfield>
    <subfield code="c">LSHTK</subfield>
    <subfield code="d">2025-07-21</subfield>
    <subfield code="l">0</subfield>
    <subfield code="o">CAT 004 PZ7 </subfield>
    <subfield code="p">2025-1876</subfield>
    <subfield code="r">2025-07-21 14:50:11</subfield>
    <subfield code="t">3</subfield>
    <subfield code="w">2025-07-21</subfield>
    <subfield code="y">BK</subfield>
  </datafield>
  <datafield tag="952" ind1=" " ind2=" ">
    <subfield code="0">0</subfield>
    <subfield code="1">0</subfield>
    <subfield code="2">ddc</subfield>
    <subfield code="4">0</subfield>
    <subfield code="7">0</subfield>
    <subfield code="8">NFIC</subfield>
    <subfield code="a">001</subfield>
    <subfield code="b">001</subfield>
    <subfield code="c">LSHTK</subfield>
    <subfield code="d">2025-07-21</subfield>
    <subfield code="l">0</subfield>
    <subfield code="o">CAT 004 PZ7 </subfield>
    <subfield code="p">2025-1877</subfield>
    <subfield code="r">2025-07-21 14:50:21</subfield>
    <subfield code="t">4</subfield>
    <subfield code="w">2025-07-21</subfield>
    <subfield code="y">BK</subfield>
  </datafield>
  <datafield tag="952" ind1=" " ind2=" ">
    <subfield code="0">0</subfield>
    <subfield code="1">0</subfield>
    <subfield code="2">ddc</subfield>
    <subfield code="4">0</subfield>
    <subfield code="7">0</subfield>
    <subfield code="8">NFIC</subfield>
    <subfield code="a">001</subfield>
    <subfield code="b">001</subfield>
    <subfield code="c">LSHTK</subfield>
    <subfield code="d">2025-07-21</subfield>
    <subfield code="l">0</subfield>
    <subfield code="o">CAT 004 PZ7 </subfield>
    <subfield code="p">2025-1878</subfield>
    <subfield code="r">2025-07-21 14:50:33</subfield>
    <subfield code="t">5</subfield>
    <subfield code="w">2025-07-21</subfield>
    <subfield code="y">BK</subfield>
  </datafield>
  <datafield tag="952" ind1=" " ind2=" ">
    <subfield code="0">0</subfield>
    <subfield code="1">0</subfield>
    <subfield code="2">ddc</subfield>
    <subfield code="4">0</subfield>
    <subfield code="7">0</subfield>
    <subfield code="8">NFIC</subfield>
    <subfield code="a">001</subfield>
    <subfield code="b">001</subfield>
    <subfield code="c">LSHTK</subfield>
    <subfield code="d">2025-07-21</subfield>
    <subfield code="l">0</subfield>
    <subfield code="o">CAT 004 PZ7 </subfield>
    <subfield code="p">2025-1879</subfield>
    <subfield code="r">2025-07-21 14:50:38</subfield>
    <subfield code="t">6</subfield>
    <subfield code="w">2025-07-21</subfield>
    <subfield code="y">BK</subfield>
  </datafield>
  <datafield tag="952" ind1=" " ind2=" ">
    <subfield code="0">0</subfield>
    <subfield code="1">0</subfield>
    <subfield code="2">ddc</subfield>
    <subfield code="4">0</subfield>
    <subfield code="7">0</subfield>
    <subfield code="8">NFIC</subfield>
    <subfield code="a">001</subfield>
    <subfield code="b">001</subfield>
    <subfield code="c">LSHTK</subfield>
    <subfield code="d">2025-07-21</subfield>
    <subfield code="l">0</subfield>
    <subfield code="o">CAT 004 PZ7 </subfield>
    <subfield code="p">2025-1880</subfield>
    <subfield code="r">2025-07-21 14:50:45</subfield>
    <subfield code="t">7</subfield>
    <subfield code="w">2025-07-21</subfield>
    <subfield code="y">BK</subfield>
  </datafield>
  <datafield tag="952" ind1=" " ind2=" ">
    <subfield code="0">0</subfield>
    <subfield code="1">0</subfield>
    <subfield code="2">ddc</subfield>
    <subfield code="4">0</subfield>
    <subfield code="7">0</subfield>
    <subfield code="8">NFIC</subfield>
    <subfield code="a">001</subfield>
    <subfield code="b">001</subfield>
    <subfield code="c">LSHTK</subfield>
    <subfield code="d">2025-07-21</subfield>
    <subfield code="l">0</subfield>
    <subfield code="o">CAT 004 PZ7 </subfield>
    <subfield code="p">2025-1881</subfield>
    <subfield code="r">2025-07-21 14:50:53</subfield>
    <subfield code="t">8</subfield>
    <subfield code="w">2025-07-21</subfield>
    <subfield code="y">BK</subfield>
  </datafield>
  <datafield tag="952" ind1=" " ind2=" ">
    <subfield code="0">0</subfield>
    <subfield code="1">0</subfield>
    <subfield code="2">ddc</subfield>
    <subfield code="4">0</subfield>
    <subfield code="7">0</subfield>
    <subfield code="8">NFIC</subfield>
    <subfield code="a">001</subfield>
    <subfield code="b">001</subfield>
    <subfield code="c">LSHTK</subfield>
    <subfield code="d">2025-07-21</subfield>
    <subfield code="l">0</subfield>
    <subfield code="o">CAT 004 PZ7 </subfield>
    <subfield code="p">2025-1882</subfield>
    <subfield code="r">2025-07-21 14:50:59</subfield>
    <subfield code="t">9</subfield>
    <subfield code="w">2025-07-21</subfield>
    <subfield code="y">BK</subfield>
  </datafield>
  <datafield tag="952" ind1=" " ind2=" ">
    <subfield code="0">0</subfield>
    <subfield code="1">0</subfield>
    <subfield code="2">ddc</subfield>
    <subfield code="4">0</subfield>
    <subfield code="7">0</subfield>
    <subfield code="8">NFIC</subfield>
    <subfield code="a">001</subfield>
    <subfield code="b">001</subfield>
    <subfield code="c">LSHTK</subfield>
    <subfield code="d">2025-07-21</subfield>
    <subfield code="l">0</subfield>
    <subfield code="o">CAT 004 PZ7 </subfield>
    <subfield code="p">2025-1883</subfield>
    <subfield code="r">2025-07-21 14:51:08</subfield>
    <subfield code="t">10</subfield>
    <subfield code="w">2025-07-21</subfield>
    <subfield code="y">BK</subfield>
  </datafield>
  <datafield tag="952" ind1=" " ind2=" ">
    <subfield code="0">0</subfield>
    <subfield code="1">0</subfield>
    <subfield code="2">ddc</subfield>
    <subfield code="4">0</subfield>
    <subfield code="7">0</subfield>
    <subfield code="8">NFIC</subfield>
    <subfield code="a">001</subfield>
    <subfield code="b">001</subfield>
    <subfield code="c">LSHTK</subfield>
    <subfield code="d">2025-07-21</subfield>
    <subfield code="l">0</subfield>
    <subfield code="o">CAT 004 PZ7 </subfield>
    <subfield code="p">2025-1884</subfield>
    <subfield code="r">2025-07-21 14:51:30</subfield>
    <subfield code="t">11</subfield>
    <subfield code="w">2025-07-21</subfield>
    <subfield code="y">BK</subfield>
  </datafield>
  <datafield tag="952" ind1=" " ind2=" ">
    <subfield code="0">0</subfield>
    <subfield code="1">0</subfield>
    <subfield code="2">ddc</subfield>
    <subfield code="4">0</subfield>
    <subfield code="7">0</subfield>
    <subfield code="8">NFIC</subfield>
    <subfield code="a">001</subfield>
    <subfield code="b">001</subfield>
    <subfield code="c">LSHTK</subfield>
    <subfield code="d">2025-07-21</subfield>
    <subfield code="l">0</subfield>
    <subfield code="o">CAT 004 PZ7 </subfield>
    <subfield code="p">2025-1885</subfield>
    <subfield code="r">2025-07-21 14:51:39</subfield>
    <subfield code="t">12</subfield>
    <subfield code="w">2025-07-21</subfield>
    <subfield code="y">BK</subfield>
  </datafield>
  <datafield tag="952" ind1=" " ind2=" ">
    <subfield code="0">0</subfield>
    <subfield code="1">0</subfield>
    <subfield code="2">ddc</subfield>
    <subfield code="4">0</subfield>
    <subfield code="7">0</subfield>
    <subfield code="8">NFIC</subfield>
    <subfield code="a">001</subfield>
    <subfield code="b">001</subfield>
    <subfield code="c">LSHTK</subfield>
    <subfield code="d">2025-07-21</subfield>
    <subfield code="l">0</subfield>
    <subfield code="o">CAT 004 PZ7 </subfield>
    <subfield code="p">2025-1886</subfield>
    <subfield code="r">2025-07-21 14:51:45</subfield>
    <subfield code="t">13</subfield>
    <subfield code="w">2025-07-21</subfield>
    <subfield code="y">BK</subfield>
  </datafield>
  <datafield tag="952" ind1=" " ind2=" ">
    <subfield code="0">0</subfield>
    <subfield code="1">0</subfield>
    <subfield code="2">ddc</subfield>
    <subfield code="4">0</subfield>
    <subfield code="7">0</subfield>
    <subfield code="8">NFIC</subfield>
    <subfield code="a">001</subfield>
    <subfield code="b">001</subfield>
    <subfield code="c">LSHTK</subfield>
    <subfield code="d">2025-07-21</subfield>
    <subfield code="l">0</subfield>
    <subfield code="o">CAT 004 PZ7 </subfield>
    <subfield code="p">2025-1887</subfield>
    <subfield code="r">2025-07-21 14:51:53</subfield>
    <subfield code="t">14</subfield>
    <subfield code="w">2025-07-21</subfield>
    <subfield code="y">BK</subfield>
  </datafield>
  <datafield tag="952" ind1=" " ind2=" ">
    <subfield code="0">0</subfield>
    <subfield code="1">0</subfield>
    <subfield code="2">ddc</subfield>
    <subfield code="4">0</subfield>
    <subfield code="7">0</subfield>
    <subfield code="8">NFIC</subfield>
    <subfield code="a">001</subfield>
    <subfield code="b">001</subfield>
    <subfield code="c">LSHTK</subfield>
    <subfield code="d">2025-07-21</subfield>
    <subfield code="l">0</subfield>
    <subfield code="o">CAT 004 PZ7 </subfield>
    <subfield code="p">2025-1888</subfield>
    <subfield code="r">2025-07-21 14:52:14</subfield>
    <subfield code="t">15</subfield>
    <subfield code="w">2025-07-21</subfield>
    <subfield code="y">BK</subfield>
  </datafield>
  <datafield tag="952" ind1=" " ind2=" ">
    <subfield code="0">0</subfield>
    <subfield code="1">0</subfield>
    <subfield code="2">ddc</subfield>
    <subfield code="4">0</subfield>
    <subfield code="7">0</subfield>
    <subfield code="8">NFIC</subfield>
    <subfield code="a">001</subfield>
    <subfield code="b">001</subfield>
    <subfield code="c">LSHTK</subfield>
    <subfield code="d">2025-07-21</subfield>
    <subfield code="l">0</subfield>
    <subfield code="o">CAT 004 PZ7 </subfield>
    <subfield code="p">2025-1889</subfield>
    <subfield code="r">2025-07-21 14:52:38</subfield>
    <subfield code="t">16</subfield>
    <subfield code="w">2025-07-21</subfield>
    <subfield code="y">BK</subfield>
  </datafield>
  <datafield tag="952" ind1=" " ind2=" ">
    <subfield code="0">0</subfield>
    <subfield code="1">0</subfield>
    <subfield code="2">ddc</subfield>
    <subfield code="4">0</subfield>
    <subfield code="7">0</subfield>
    <subfield code="8">NFIC</subfield>
    <subfield code="a">001</subfield>
    <subfield code="b">001</subfield>
    <subfield code="c">LSHTK</subfield>
    <subfield code="d">2025-07-21</subfield>
    <subfield code="l">0</subfield>
    <subfield code="o">CAT 004 PZ7 </subfield>
    <subfield code="p">2025-1890</subfield>
    <subfield code="r">2025-07-21 14:52:50</subfield>
    <subfield code="t">17</subfield>
    <subfield code="w">2025-07-21</subfield>
    <subfield code="y">BK</subfield>
  </datafield>
  <datafield tag="952" ind1=" " ind2=" ">
    <subfield code="0">0</subfield>
    <subfield code="1">0</subfield>
    <subfield code="2">ddc</subfield>
    <subfield code="4">0</subfield>
    <subfield code="7">0</subfield>
    <subfield code="8">NFIC</subfield>
    <subfield code="a">001</subfield>
    <subfield code="b">001</subfield>
    <subfield code="c">LSHTK</subfield>
    <subfield code="d">2025-07-21</subfield>
    <subfield code="l">0</subfield>
    <subfield code="o">CAT 004 PZ7 </subfield>
    <subfield code="p">2025-1891</subfield>
    <subfield code="r">2025-07-21 14:52:59</subfield>
    <subfield code="t">18</subfield>
    <subfield code="w">2025-07-21</subfield>
    <subfield code="y">BK</subfield>
  </datafield>
  <datafield tag="952" ind1=" " ind2=" ">
    <subfield code="0">0</subfield>
    <subfield code="1">0</subfield>
    <subfield code="2">ddc</subfield>
    <subfield code="4">0</subfield>
    <subfield code="7">0</subfield>
    <subfield code="8">NFIC</subfield>
    <subfield code="a">001</subfield>
    <subfield code="b">001</subfield>
    <subfield code="c">LSHTK</subfield>
    <subfield code="d">2025-07-21</subfield>
    <subfield code="l">0</subfield>
    <subfield code="o">CAT 004 PZ7 </subfield>
    <subfield code="p">2025-1892</subfield>
    <subfield code="r">2025-07-21 14:53:07</subfield>
    <subfield code="t">19</subfield>
    <subfield code="w">2025-07-21</subfield>
    <subfield code="y">BK</subfield>
  </datafield>
  <datafield tag="952" ind1=" " ind2=" ">
    <subfield code="0">0</subfield>
    <subfield code="1">0</subfield>
    <subfield code="2">ddc</subfield>
    <subfield code="4">0</subfield>
    <subfield code="7">0</subfield>
    <subfield code="8">NFIC</subfield>
    <subfield code="a">001</subfield>
    <subfield code="b">001</subfield>
    <subfield code="c">LSHTK</subfield>
    <subfield code="d">2025-07-21</subfield>
    <subfield code="l">0</subfield>
    <subfield code="o">CAT 004 PZ7 </subfield>
    <subfield code="p">2025-1893</subfield>
    <subfield code="r">2025-07-21 14:53:25</subfield>
    <subfield code="t">20</subfield>
    <subfield code="w">2025-07-21</subfield>
    <subfield code="y">BK</subfield>
  </datafield>
  <datafield tag="952" ind1=" " ind2=" ">
    <subfield code="0">0</subfield>
    <subfield code="1">0</subfield>
    <subfield code="2">ddc</subfield>
    <subfield code="4">0</subfield>
    <subfield code="7">0</subfield>
    <subfield code="8">NFIC</subfield>
    <subfield code="a">001</subfield>
    <subfield code="b">001</subfield>
    <subfield code="c">LSHTK</subfield>
    <subfield code="d">2025-07-21</subfield>
    <subfield code="l">0</subfield>
    <subfield code="o">CAT 004 PZ7 </subfield>
    <subfield code="p">2025-1894</subfield>
    <subfield code="r">2025-07-21 14:53:56</subfield>
    <subfield code="t">21</subfield>
    <subfield code="w">2025-07-21</subfield>
    <subfield code="y">BK</subfield>
  </datafield>
  <datafield tag="952" ind1=" " ind2=" ">
    <subfield code="0">0</subfield>
    <subfield code="1">0</subfield>
    <subfield code="2">ddc</subfield>
    <subfield code="4">0</subfield>
    <subfield code="7">0</subfield>
    <subfield code="8">NFIC</subfield>
    <subfield code="a">001</subfield>
    <subfield code="b">001</subfield>
    <subfield code="c">LSHTK</subfield>
    <subfield code="d">2025-07-21</subfield>
    <subfield code="l">0</subfield>
    <subfield code="o">CAT 004 PZ7 </subfield>
    <subfield code="p">2025-1895</subfield>
    <subfield code="r">2025-07-21 14:54:03</subfield>
    <subfield code="t">22</subfield>
    <subfield code="w">2025-07-21</subfield>
    <subfield code="y">BK</subfield>
  </datafield>
  <datafield tag="952" ind1=" " ind2=" ">
    <subfield code="0">0</subfield>
    <subfield code="1">0</subfield>
    <subfield code="2">ddc</subfield>
    <subfield code="4">0</subfield>
    <subfield code="7">0</subfield>
    <subfield code="8">NFIC</subfield>
    <subfield code="a">001</subfield>
    <subfield code="b">001</subfield>
    <subfield code="c">LSHTK</subfield>
    <subfield code="d">2025-07-21</subfield>
    <subfield code="l">0</subfield>
    <subfield code="o">CAT 004 PZ7 </subfield>
    <subfield code="p">2025-1896</subfield>
    <subfield code="r">2025-07-21 14:54:12</subfield>
    <subfield code="t">23</subfield>
    <subfield code="w">2025-07-21</subfield>
    <subfield code="y">BK</subfield>
  </datafield>
  <datafield tag="952" ind1=" " ind2=" ">
    <subfield code="0">0</subfield>
    <subfield code="1">0</subfield>
    <subfield code="2">ddc</subfield>
    <subfield code="4">0</subfield>
    <subfield code="7">0</subfield>
    <subfield code="8">NFIC</subfield>
    <subfield code="a">001</subfield>
    <subfield code="b">001</subfield>
    <subfield code="c">LSHTK</subfield>
    <subfield code="d">2025-07-21</subfield>
    <subfield code="l">0</subfield>
    <subfield code="o">CAT 004 PZ7 </subfield>
    <subfield code="p">2025-1897</subfield>
    <subfield code="r">2025-07-21 14:54:27</subfield>
    <subfield code="t">24</subfield>
    <subfield code="w">2025-07-21</subfield>
    <subfield code="y">BK</subfield>
  </datafield>
  <datafield tag="952" ind1=" " ind2=" ">
    <subfield code="0">0</subfield>
    <subfield code="1">0</subfield>
    <subfield code="2">ddc</subfield>
    <subfield code="4">0</subfield>
    <subfield code="7">0</subfield>
    <subfield code="8">NFIC</subfield>
    <subfield code="a">001</subfield>
    <subfield code="b">001</subfield>
    <subfield code="c">LSHTK</subfield>
    <subfield code="d">2025-07-21</subfield>
    <subfield code="l">0</subfield>
    <subfield code="o">CAT 004 PZ7 </subfield>
    <subfield code="p">2025-1898</subfield>
    <subfield code="r">2025-07-21 14:54:36</subfield>
    <subfield code="t">25</subfield>
    <subfield code="w">2025-07-21</subfield>
    <subfield code="y">BK</subfield>
  </datafield>
  <datafield tag="952" ind1=" " ind2=" ">
    <subfield code="0">0</subfield>
    <subfield code="1">0</subfield>
    <subfield code="2">ddc</subfield>
    <subfield code="4">0</subfield>
    <subfield code="7">0</subfield>
    <subfield code="8">NFIC</subfield>
    <subfield code="a">001</subfield>
    <subfield code="b">001</subfield>
    <subfield code="c">LSHTK</subfield>
    <subfield code="d">2025-07-21</subfield>
    <subfield code="l">0</subfield>
    <subfield code="o">CAT 004 PZ7 </subfield>
    <subfield code="p">2025-1899</subfield>
    <subfield code="r">2025-07-21 14:54:48</subfield>
    <subfield code="t">26</subfield>
    <subfield code="w">2025-07-21</subfield>
    <subfield code="y">BK</subfield>
  </datafield>
  <datafield tag="952" ind1=" " ind2=" ">
    <subfield code="0">0</subfield>
    <subfield code="1">0</subfield>
    <subfield code="2">ddc</subfield>
    <subfield code="4">0</subfield>
    <subfield code="7">0</subfield>
    <subfield code="8">NFIC</subfield>
    <subfield code="a">001</subfield>
    <subfield code="b">001</subfield>
    <subfield code="c">LSHTK</subfield>
    <subfield code="d">2025-07-21</subfield>
    <subfield code="l">0</subfield>
    <subfield code="o">CAT 004 PZ7 </subfield>
    <subfield code="p">2025-1900</subfield>
    <subfield code="r">2025-07-21 14:54:57</subfield>
    <subfield code="t">27</subfield>
    <subfield code="w">2025-07-21</subfield>
    <subfield code="y">BK</subfield>
  </datafield>
  <datafield tag="952" ind1=" " ind2=" ">
    <subfield code="0">0</subfield>
    <subfield code="1">0</subfield>
    <subfield code="2">ddc</subfield>
    <subfield code="4">0</subfield>
    <subfield code="7">0</subfield>
    <subfield code="8">NFIC</subfield>
    <subfield code="a">001</subfield>
    <subfield code="b">001</subfield>
    <subfield code="c">LSHTK</subfield>
    <subfield code="d">2025-07-21</subfield>
    <subfield code="l">0</subfield>
    <subfield code="o">CAT 004 PZ7 </subfield>
    <subfield code="p">2025-1901</subfield>
    <subfield code="r">2025-07-21 14:55:07</subfield>
    <subfield code="t">28</subfield>
    <subfield code="w">2025-07-21</subfield>
    <subfield code="y">BK</subfield>
  </datafield>
  <datafield tag="952" ind1=" " ind2=" ">
    <subfield code="0">0</subfield>
    <subfield code="1">0</subfield>
    <subfield code="2">ddc</subfield>
    <subfield code="4">0</subfield>
    <subfield code="7">0</subfield>
    <subfield code="8">NFIC</subfield>
    <subfield code="a">001</subfield>
    <subfield code="b">001</subfield>
    <subfield code="c">LSHTK</subfield>
    <subfield code="d">2025-07-21</subfield>
    <subfield code="l">0</subfield>
    <subfield code="o">CAT 004 PZ7 </subfield>
    <subfield code="p">2025-1902</subfield>
    <subfield code="r">2025-07-21 14:55:16</subfield>
    <subfield code="t">29</subfield>
    <subfield code="w">2025-07-21</subfield>
    <subfield code="y">BK</subfield>
  </datafield>
  <datafield tag="952" ind1=" " ind2=" ">
    <subfield code="0">0</subfield>
    <subfield code="1">0</subfield>
    <subfield code="2">ddc</subfield>
    <subfield code="4">0</subfield>
    <subfield code="7">0</subfield>
    <subfield code="8">NFIC</subfield>
    <subfield code="a">001</subfield>
    <subfield code="b">001</subfield>
    <subfield code="c">LSHTK</subfield>
    <subfield code="d">2025-07-21</subfield>
    <subfield code="l">0</subfield>
    <subfield code="o">CAT 004 PZ7 </subfield>
    <subfield code="p">2025-1903</subfield>
    <subfield code="r">2025-07-21 14:55:26</subfield>
    <subfield code="t">30</subfield>
    <subfield code="w">2025-07-21</subfield>
    <subfield code="y">BK</subfield>
  </datafield>
  <datafield tag="952" ind1=" " ind2=" ">
    <subfield code="0">0</subfield>
    <subfield code="1">0</subfield>
    <subfield code="2">ddc</subfield>
    <subfield code="4">0</subfield>
    <subfield code="7">0</subfield>
    <subfield code="8">NFIC</subfield>
    <subfield code="a">001</subfield>
    <subfield code="b">001</subfield>
    <subfield code="c">LSHTK</subfield>
    <subfield code="d">2025-07-21</subfield>
    <subfield code="l">0</subfield>
    <subfield code="o">CAT 004 PZ7 </subfield>
    <subfield code="p">2025-1904</subfield>
    <subfield code="r">2025-07-21 14:55:34</subfield>
    <subfield code="t">31</subfield>
    <subfield code="w">2025-07-21</subfield>
    <subfield code="y">BK</subfield>
  </datafield>
  <datafield tag="952" ind1=" " ind2=" ">
    <subfield code="0">0</subfield>
    <subfield code="1">0</subfield>
    <subfield code="2">ddc</subfield>
    <subfield code="4">0</subfield>
    <subfield code="7">0</subfield>
    <subfield code="8">NFIC</subfield>
    <subfield code="a">001</subfield>
    <subfield code="b">001</subfield>
    <subfield code="c">LSHTK</subfield>
    <subfield code="d">2025-07-21</subfield>
    <subfield code="l">0</subfield>
    <subfield code="o">CAT 004 PZ7 </subfield>
    <subfield code="p">2025-1905</subfield>
    <subfield code="r">2025-07-21 14:55:46</subfield>
    <subfield code="t">32</subfield>
    <subfield code="w">2025-07-21</subfield>
    <subfield code="y">BK</subfield>
  </datafield>
  <datafield tag="952" ind1=" " ind2=" ">
    <subfield code="0">0</subfield>
    <subfield code="1">0</subfield>
    <subfield code="2">ddc</subfield>
    <subfield code="4">0</subfield>
    <subfield code="7">0</subfield>
    <subfield code="8">NFIC</subfield>
    <subfield code="a">001</subfield>
    <subfield code="b">001</subfield>
    <subfield code="c">LSHTK</subfield>
    <subfield code="d">2025-07-21</subfield>
    <subfield code="l">0</subfield>
    <subfield code="o">CAT 004 PZ7 </subfield>
    <subfield code="p">2025-1906</subfield>
    <subfield code="r">2025-07-21 14:55:55</subfield>
    <subfield code="t">33</subfield>
    <subfield code="w">2025-07-21</subfield>
    <subfield code="y">BK</subfield>
  </datafield>
  <datafield tag="952" ind1=" " ind2=" ">
    <subfield code="0">0</subfield>
    <subfield code="1">0</subfield>
    <subfield code="2">ddc</subfield>
    <subfield code="4">0</subfield>
    <subfield code="7">0</subfield>
    <subfield code="8">NFIC</subfield>
    <subfield code="a">001</subfield>
    <subfield code="b">001</subfield>
    <subfield code="c">LSHTK</subfield>
    <subfield code="d">2025-07-21</subfield>
    <subfield code="l">0</subfield>
    <subfield code="o">CAT 004 PZ7 </subfield>
    <subfield code="p">2025-1907</subfield>
    <subfield code="r">2025-07-21 14:56:15</subfield>
    <subfield code="t">34</subfield>
    <subfield code="w">2025-07-21</subfield>
    <subfield code="y">BK</subfield>
  </datafield>
  <datafield tag="952" ind1=" " ind2=" ">
    <subfield code="0">0</subfield>
    <subfield code="1">0</subfield>
    <subfield code="2">ddc</subfield>
    <subfield code="4">0</subfield>
    <subfield code="7">0</subfield>
    <subfield code="8">NFIC</subfield>
    <subfield code="a">001</subfield>
    <subfield code="b">001</subfield>
    <subfield code="c">LSHTK</subfield>
    <subfield code="d">2025-07-21</subfield>
    <subfield code="l">0</subfield>
    <subfield code="o">CAT 004 PZ7 </subfield>
    <subfield code="p">2025-1908</subfield>
    <subfield code="r">2025-07-21 14:56:25</subfield>
    <subfield code="t">35</subfield>
    <subfield code="w">2025-07-21</subfield>
    <subfield code="y">BK</subfield>
  </datafield>
  <datafield tag="952" ind1=" " ind2=" ">
    <subfield code="0">0</subfield>
    <subfield code="1">0</subfield>
    <subfield code="2">ddc</subfield>
    <subfield code="4">0</subfield>
    <subfield code="7">0</subfield>
    <subfield code="8">NFIC</subfield>
    <subfield code="a">001</subfield>
    <subfield code="b">001</subfield>
    <subfield code="c">LSHTK</subfield>
    <subfield code="d">2025-07-21</subfield>
    <subfield code="l">0</subfield>
    <subfield code="o">CAT 004 PZ7 </subfield>
    <subfield code="p">2025-1909</subfield>
    <subfield code="r">2025-07-21 14:56:45</subfield>
    <subfield code="t">36</subfield>
    <subfield code="w">2025-07-21</subfield>
    <subfield code="y">BK</subfield>
  </datafield>
  <datafield tag="952" ind1=" " ind2=" ">
    <subfield code="0">0</subfield>
    <subfield code="1">0</subfield>
    <subfield code="2">ddc</subfield>
    <subfield code="4">0</subfield>
    <subfield code="7">0</subfield>
    <subfield code="8">NFIC</subfield>
    <subfield code="a">001</subfield>
    <subfield code="b">001</subfield>
    <subfield code="c">LSHTK</subfield>
    <subfield code="d">2025-07-21</subfield>
    <subfield code="l">0</subfield>
    <subfield code="o">CAT 004 PZ7 </subfield>
    <subfield code="p">2025-1910</subfield>
    <subfield code="r">2025-07-21 14:56:56</subfield>
    <subfield code="t">37</subfield>
    <subfield code="w">2025-07-21</subfield>
    <subfield code="y">BK</subfield>
  </datafield>
  <datafield tag="952" ind1=" " ind2=" ">
    <subfield code="0">0</subfield>
    <subfield code="1">0</subfield>
    <subfield code="2">ddc</subfield>
    <subfield code="4">0</subfield>
    <subfield code="7">0</subfield>
    <subfield code="8">NFIC</subfield>
    <subfield code="a">001</subfield>
    <subfield code="b">001</subfield>
    <subfield code="c">LSHTK</subfield>
    <subfield code="d">2025-07-21</subfield>
    <subfield code="l">0</subfield>
    <subfield code="o">CAT 004 PZ7 </subfield>
    <subfield code="p">2025-1911</subfield>
    <subfield code="r">2025-07-21 14:57:24</subfield>
    <subfield code="t">38</subfield>
    <subfield code="w">2025-07-21</subfield>
    <subfield code="y">BK</subfield>
  </datafield>
  <datafield tag="952" ind1=" " ind2=" ">
    <subfield code="0">0</subfield>
    <subfield code="1">0</subfield>
    <subfield code="2">ddc</subfield>
    <subfield code="4">0</subfield>
    <subfield code="7">0</subfield>
    <subfield code="8">NFIC</subfield>
    <subfield code="a">001</subfield>
    <subfield code="b">001</subfield>
    <subfield code="c">LSHTK</subfield>
    <subfield code="d">2025-07-21</subfield>
    <subfield code="l">0</subfield>
    <subfield code="o">CAT 004 PZ7 </subfield>
    <subfield code="p">2025-1912</subfield>
    <subfield code="r">2025-07-21 14:57:34</subfield>
    <subfield code="t">39</subfield>
    <subfield code="w">2025-07-21</subfield>
    <subfield code="y">BK</subfield>
  </datafield>
  <datafield tag="952" ind1=" " ind2=" ">
    <subfield code="0">0</subfield>
    <subfield code="1">0</subfield>
    <subfield code="2">ddc</subfield>
    <subfield code="4">0</subfield>
    <subfield code="7">0</subfield>
    <subfield code="8">NFIC</subfield>
    <subfield code="a">001</subfield>
    <subfield code="b">001</subfield>
    <subfield code="c">LSHTK</subfield>
    <subfield code="d">2025-07-21</subfield>
    <subfield code="l">0</subfield>
    <subfield code="o">CAT 004 PZ7 </subfield>
    <subfield code="p">2025-1913</subfield>
    <subfield code="r">2025-07-21 14:57:45</subfield>
    <subfield code="t">40</subfield>
    <subfield code="w">2025-07-21</subfield>
    <subfield code="y">BK</subfield>
  </datafield>
  <datafield tag="952" ind1=" " ind2=" ">
    <subfield code="0">0</subfield>
    <subfield code="1">0</subfield>
    <subfield code="2">ddc</subfield>
    <subfield code="4">0</subfield>
    <subfield code="7">0</subfield>
    <subfield code="8">NFIC</subfield>
    <subfield code="a">001</subfield>
    <subfield code="b">001</subfield>
    <subfield code="c">LSHTK</subfield>
    <subfield code="d">2025-07-21</subfield>
    <subfield code="l">0</subfield>
    <subfield code="o">CAT 004 PZ7 </subfield>
    <subfield code="p">2025-1914</subfield>
    <subfield code="r">2025-07-21 14:57:59</subfield>
    <subfield code="t">41</subfield>
    <subfield code="w">2025-07-21</subfield>
    <subfield code="y">BK</subfield>
  </datafield>
  <datafield tag="952" ind1=" " ind2=" ">
    <subfield code="0">0</subfield>
    <subfield code="1">0</subfield>
    <subfield code="2">ddc</subfield>
    <subfield code="4">0</subfield>
    <subfield code="7">0</subfield>
    <subfield code="8">NFIC</subfield>
    <subfield code="a">001</subfield>
    <subfield code="b">001</subfield>
    <subfield code="c">LSHTK</subfield>
    <subfield code="d">2025-07-21</subfield>
    <subfield code="l">0</subfield>
    <subfield code="o">CAT 004 PZ7 </subfield>
    <subfield code="p">2025-1915</subfield>
    <subfield code="r">2025-07-21 14:58:08</subfield>
    <subfield code="t">42</subfield>
    <subfield code="w">2025-07-21</subfield>
    <subfield code="y">BK</subfield>
  </datafield>
  <datafield tag="952" ind1=" " ind2=" ">
    <subfield code="0">0</subfield>
    <subfield code="1">0</subfield>
    <subfield code="2">ddc</subfield>
    <subfield code="4">0</subfield>
    <subfield code="7">0</subfield>
    <subfield code="8">NFIC</subfield>
    <subfield code="a">001</subfield>
    <subfield code="b">001</subfield>
    <subfield code="c">LSHTK</subfield>
    <subfield code="d">2025-07-21</subfield>
    <subfield code="l">0</subfield>
    <subfield code="o">CAT 004 PZ7 </subfield>
    <subfield code="p">2025-1916</subfield>
    <subfield code="r">2025-07-21 14:58:25</subfield>
    <subfield code="t">43</subfield>
    <subfield code="w">2025-07-21</subfield>
    <subfield code="y">BK</subfield>
  </datafield>
  <datafield tag="952" ind1=" " ind2=" ">
    <subfield code="0">0</subfield>
    <subfield code="1">0</subfield>
    <subfield code="2">ddc</subfield>
    <subfield code="4">0</subfield>
    <subfield code="7">0</subfield>
    <subfield code="8">NFIC</subfield>
    <subfield code="a">001</subfield>
    <subfield code="b">001</subfield>
    <subfield code="c">LSHTK</subfield>
    <subfield code="d">2025-07-21</subfield>
    <subfield code="l">0</subfield>
    <subfield code="o">CAT 004 PZ7 </subfield>
    <subfield code="p">2025-1917</subfield>
    <subfield code="r">2025-07-21 14:58:34</subfield>
    <subfield code="t">44</subfield>
    <subfield code="w">2025-07-21</subfield>
    <subfield code="y">BK</subfield>
  </datafield>
  <datafield tag="952" ind1=" " ind2=" ">
    <subfield code="0">0</subfield>
    <subfield code="1">0</subfield>
    <subfield code="2">ddc</subfield>
    <subfield code="4">0</subfield>
    <subfield code="7">0</subfield>
    <subfield code="8">NFIC</subfield>
    <subfield code="a">001</subfield>
    <subfield code="b">001</subfield>
    <subfield code="c">LSHTK</subfield>
    <subfield code="d">2025-07-21</subfield>
    <subfield code="l">0</subfield>
    <subfield code="o">CAT 004 PZ7 </subfield>
    <subfield code="p">2025-1918</subfield>
    <subfield code="r">2025-07-21 14:58:46</subfield>
    <subfield code="t">45</subfield>
    <subfield code="w">2025-07-21</subfield>
    <subfield code="y">BK</subfield>
  </datafield>
  <datafield tag="952" ind1=" " ind2=" ">
    <subfield code="0">0</subfield>
    <subfield code="1">0</subfield>
    <subfield code="2">ddc</subfield>
    <subfield code="4">0</subfield>
    <subfield code="7">0</subfield>
    <subfield code="8">NFIC</subfield>
    <subfield code="a">001</subfield>
    <subfield code="b">001</subfield>
    <subfield code="c">LSHTK</subfield>
    <subfield code="d">2025-07-21</subfield>
    <subfield code="l">0</subfield>
    <subfield code="o">CAT 004 PZ7 </subfield>
    <subfield code="p">2025-1919</subfield>
    <subfield code="r">2025-07-21 14:59:01</subfield>
    <subfield code="t">46</subfield>
    <subfield code="w">2025-07-21</subfield>
    <subfield code="y">BK</subfield>
  </datafield>
  <datafield tag="952" ind1=" " ind2=" ">
    <subfield code="0">0</subfield>
    <subfield code="1">0</subfield>
    <subfield code="2">ddc</subfield>
    <subfield code="4">0</subfield>
    <subfield code="7">0</subfield>
    <subfield code="8">NFIC</subfield>
    <subfield code="a">001</subfield>
    <subfield code="b">001</subfield>
    <subfield code="c">LSHTK</subfield>
    <subfield code="d">2025-07-21</subfield>
    <subfield code="l">0</subfield>
    <subfield code="o">CAT 004 PZ7 </subfield>
    <subfield code="p">2025-1920</subfield>
    <subfield code="r">2025-07-21 14:59:19</subfield>
    <subfield code="t">47</subfield>
    <subfield code="w">2025-07-21</subfield>
    <subfield code="y">BK</subfield>
  </datafield>
  <datafield tag="952" ind1=" " ind2=" ">
    <subfield code="0">0</subfield>
    <subfield code="1">0</subfield>
    <subfield code="2">ddc</subfield>
    <subfield code="4">0</subfield>
    <subfield code="7">0</subfield>
    <subfield code="8">NFIC</subfield>
    <subfield code="a">001</subfield>
    <subfield code="b">001</subfield>
    <subfield code="c">LSHTK</subfield>
    <subfield code="d">2025-07-21</subfield>
    <subfield code="l">0</subfield>
    <subfield code="o">CAT 004 PZ7 </subfield>
    <subfield code="p">2025-1921</subfield>
    <subfield code="r">2025-07-21 14:59:39</subfield>
    <subfield code="t">48</subfield>
    <subfield code="w">2025-07-21</subfield>
    <subfield code="y">BK</subfield>
  </datafield>
  <datafield tag="952" ind1=" " ind2=" ">
    <subfield code="0">0</subfield>
    <subfield code="1">0</subfield>
    <subfield code="2">ddc</subfield>
    <subfield code="4">0</subfield>
    <subfield code="7">0</subfield>
    <subfield code="8">NFIC</subfield>
    <subfield code="a">001</subfield>
    <subfield code="b">001</subfield>
    <subfield code="c">LSHTK</subfield>
    <subfield code="d">2025-07-21</subfield>
    <subfield code="l">0</subfield>
    <subfield code="o">CAT 004 PZ7 </subfield>
    <subfield code="p">2025-1922</subfield>
    <subfield code="r">2025-07-21 14:59:51</subfield>
    <subfield code="t">49</subfield>
    <subfield code="w">2025-07-21</subfield>
    <subfield code="y">BK</subfield>
  </datafield>
  <datafield tag="952" ind1=" " ind2=" ">
    <subfield code="0">0</subfield>
    <subfield code="1">0</subfield>
    <subfield code="2">ddc</subfield>
    <subfield code="4">0</subfield>
    <subfield code="7">0</subfield>
    <subfield code="8">NFIC</subfield>
    <subfield code="a">001</subfield>
    <subfield code="b">001</subfield>
    <subfield code="c">LSHTK</subfield>
    <subfield code="d">2025-07-21</subfield>
    <subfield code="l">0</subfield>
    <subfield code="o">CAT 004 PZ7 </subfield>
    <subfield code="p">2025-1923</subfield>
    <subfield code="r">2025-07-21 15:00:00</subfield>
    <subfield code="t">50</subfield>
    <subfield code="w">2025-07-21</subfield>
    <subfield code="y">BK</subfield>
  </datafield>
  <datafield tag="952" ind1=" " ind2=" ">
    <subfield code="0">0</subfield>
    <subfield code="1">0</subfield>
    <subfield code="2">ddc</subfield>
    <subfield code="4">0</subfield>
    <subfield code="7">0</subfield>
    <subfield code="8">NFIC</subfield>
    <subfield code="a">002</subfield>
    <subfield code="b">001</subfield>
    <subfield code="c">LSHTTP</subfield>
    <subfield code="d">2025-07-28</subfield>
    <subfield code="l">1</subfield>
    <subfield code="o">CAT 004 PZ7 </subfield>
    <subfield code="p">2025-3012</subfield>
    <subfield code="r">2025-10-21 11:12:06</subfield>
    <subfield code="s">2025-08-06</subfield>
    <subfield code="t">51.1</subfield>
    <subfield code="w">2025-07-28</subfield>
    <subfield code="y">BK</subfield>
  </datafield>
  <datafield tag="952" ind1=" " ind2=" ">
    <subfield code="0">0</subfield>
    <subfield code="1">0</subfield>
    <subfield code="2">ddc</subfield>
    <subfield code="4">0</subfield>
    <subfield code="7">0</subfield>
    <subfield code="8">NFIC</subfield>
    <subfield code="a">002</subfield>
    <subfield code="b">001</subfield>
    <subfield code="c">LSHTTP</subfield>
    <subfield code="d">2025-07-28</subfield>
    <subfield code="l">1</subfield>
    <subfield code="o">CAT 004 PZ7 </subfield>
    <subfield code="p">2025-3013</subfield>
    <subfield code="r">2025-10-21 11:12:06</subfield>
    <subfield code="s">2025-08-06</subfield>
    <subfield code="t">52.2</subfield>
    <subfield code="w">2025-07-28</subfield>
    <subfield code="y">BK</subfield>
  </datafield>
  <datafield tag="952" ind1=" " ind2=" ">
    <subfield code="0">0</subfield>
    <subfield code="1">0</subfield>
    <subfield code="2">ddc</subfield>
    <subfield code="4">0</subfield>
    <subfield code="7">0</subfield>
    <subfield code="8">NFIC</subfield>
    <subfield code="a">002</subfield>
    <subfield code="b">001</subfield>
    <subfield code="c">LSHTTP</subfield>
    <subfield code="d">2025-07-28</subfield>
    <subfield code="l">1</subfield>
    <subfield code="o">CAT 004 PZ7 </subfield>
    <subfield code="p">2025-3014</subfield>
    <subfield code="r">2025-10-21 11:12:06</subfield>
    <subfield code="s">2025-08-06</subfield>
    <subfield code="t">53.3</subfield>
    <subfield code="w">2025-07-28</subfield>
    <subfield code="y">BK</subfield>
  </datafield>
  <datafield tag="952" ind1=" " ind2=" ">
    <subfield code="0">0</subfield>
    <subfield code="1">0</subfield>
    <subfield code="2">ddc</subfield>
    <subfield code="4">0</subfield>
    <subfield code="7">0</subfield>
    <subfield code="8">NFIC</subfield>
    <subfield code="a">002</subfield>
    <subfield code="b">001</subfield>
    <subfield code="c">LSHTTP</subfield>
    <subfield code="d">2025-07-28</subfield>
    <subfield code="l">1</subfield>
    <subfield code="o">CAT 004 PZ7 </subfield>
    <subfield code="p">2025-3015</subfield>
    <subfield code="r">2025-10-21 11:12:05</subfield>
    <subfield code="s">2025-08-06</subfield>
    <subfield code="t">54.4</subfield>
    <subfield code="w">2025-07-28</subfield>
    <subfield code="y">BK</subfield>
  </datafield>
  <datafield tag="952" ind1=" " ind2=" ">
    <subfield code="0">0</subfield>
    <subfield code="1">0</subfield>
    <subfield code="2">ddc</subfield>
    <subfield code="4">0</subfield>
    <subfield code="7">0</subfield>
    <subfield code="8">NFIC</subfield>
    <subfield code="a">002</subfield>
    <subfield code="b">001</subfield>
    <subfield code="c">LSHTTP</subfield>
    <subfield code="d">2025-07-28</subfield>
    <subfield code="l">1</subfield>
    <subfield code="o">CAT 004 PZ7 </subfield>
    <subfield code="p">2025-3016</subfield>
    <subfield code="r">2025-10-21 11:12:06</subfield>
    <subfield code="s">2025-08-06</subfield>
    <subfield code="t">55.5</subfield>
    <subfield code="w">2025-07-28</subfield>
    <subfield code="y">BK</subfield>
  </datafield>
  <datafield tag="952" ind1=" " ind2=" ">
    <subfield code="0">0</subfield>
    <subfield code="1">0</subfield>
    <subfield code="2">ddc</subfield>
    <subfield code="4">0</subfield>
    <subfield code="7">0</subfield>
    <subfield code="8">NFIC</subfield>
    <subfield code="a">002</subfield>
    <subfield code="b">001</subfield>
    <subfield code="c">LSHTTP</subfield>
    <subfield code="d">2025-07-28</subfield>
    <subfield code="l">1</subfield>
    <subfield code="o">CAT 004 PZ7 </subfield>
    <subfield code="p">2025-3017</subfield>
    <subfield code="r">2025-10-21 11:12:06</subfield>
    <subfield code="s">2025-08-06</subfield>
    <subfield code="t">56.6</subfield>
    <subfield code="w">2025-07-28</subfield>
    <subfield code="y">BK</subfield>
  </datafield>
  <datafield tag="952" ind1=" " ind2=" ">
    <subfield code="0">0</subfield>
    <subfield code="1">0</subfield>
    <subfield code="2">ddc</subfield>
    <subfield code="4">0</subfield>
    <subfield code="7">0</subfield>
    <subfield code="8">NFIC</subfield>
    <subfield code="a">002</subfield>
    <subfield code="b">001</subfield>
    <subfield code="c">LSHTTP</subfield>
    <subfield code="d">2025-07-28</subfield>
    <subfield code="l">1</subfield>
    <subfield code="o">CAT 004 PZ7 </subfield>
    <subfield code="p">2025-3018</subfield>
    <subfield code="r">2025-10-21 11:12:06</subfield>
    <subfield code="s">2025-08-06</subfield>
    <subfield code="t">57.7</subfield>
    <subfield code="w">2025-07-28</subfield>
    <subfield code="y">BK</subfield>
  </datafield>
  <datafield tag="952" ind1=" " ind2=" ">
    <subfield code="0">0</subfield>
    <subfield code="1">0</subfield>
    <subfield code="2">ddc</subfield>
    <subfield code="4">0</subfield>
    <subfield code="7">0</subfield>
    <subfield code="8">NFIC</subfield>
    <subfield code="a">002</subfield>
    <subfield code="b">001</subfield>
    <subfield code="c">LSHTTP</subfield>
    <subfield code="d">2025-07-28</subfield>
    <subfield code="l">1</subfield>
    <subfield code="o">CAT 004 PZ7 </subfield>
    <subfield code="p">2025-3019</subfield>
    <subfield code="r">2025-10-21 11:12:06</subfield>
    <subfield code="s">2025-08-06</subfield>
    <subfield code="t">58.8</subfield>
    <subfield code="w">2025-07-28</subfield>
    <subfield code="y">BK</subfield>
  </datafield>
  <datafield tag="952" ind1=" " ind2=" ">
    <subfield code="0">0</subfield>
    <subfield code="1">0</subfield>
    <subfield code="2">ddc</subfield>
    <subfield code="4">0</subfield>
    <subfield code="7">0</subfield>
    <subfield code="8">NFIC</subfield>
    <subfield code="a">002</subfield>
    <subfield code="b">001</subfield>
    <subfield code="c">LSHTTP</subfield>
    <subfield code="d">2025-07-28</subfield>
    <subfield code="l">1</subfield>
    <subfield code="o">CAT 004 PZ7 </subfield>
    <subfield code="p">2025-3020</subfield>
    <subfield code="r">2025-10-21 11:12:06</subfield>
    <subfield code="s">2025-08-06</subfield>
    <subfield code="t">59.9</subfield>
    <subfield code="w">2025-07-28</subfield>
    <subfield code="y">BK</subfield>
  </datafield>
  <datafield tag="952" ind1=" " ind2=" ">
    <subfield code="0">0</subfield>
    <subfield code="1">0</subfield>
    <subfield code="2">ddc</subfield>
    <subfield code="4">0</subfield>
    <subfield code="7">0</subfield>
    <subfield code="8">NFIC</subfield>
    <subfield code="a">002</subfield>
    <subfield code="b">001</subfield>
    <subfield code="c">LSHTTP</subfield>
    <subfield code="d">2025-07-28</subfield>
    <subfield code="l">1</subfield>
    <subfield code="o">CAT 004 PZ7 </subfield>
    <subfield code="p">2025-3021</subfield>
    <subfield code="r">2025-10-21 11:12:06</subfield>
    <subfield code="s">2025-08-06</subfield>
    <subfield code="t">60.10</subfield>
    <subfield code="w">2025-07-28</subfield>
    <subfield code="y">BK</subfield>
  </datafield>
  <datafield tag="952" ind1=" " ind2=" ">
    <subfield code="0">0</subfield>
    <subfield code="1">0</subfield>
    <subfield code="2">ddc</subfield>
    <subfield code="4">0</subfield>
    <subfield code="7">0</subfield>
    <subfield code="8">NFIC</subfield>
    <subfield code="a">002</subfield>
    <subfield code="b">001</subfield>
    <subfield code="c">LSHTTP</subfield>
    <subfield code="d">2025-07-28</subfield>
    <subfield code="l">1</subfield>
    <subfield code="o">CAT 004 PZ7 </subfield>
    <subfield code="p">2025-3022</subfield>
    <subfield code="r">2025-10-21 11:12:06</subfield>
    <subfield code="s">2025-08-06</subfield>
    <subfield code="t">61.11</subfield>
    <subfield code="w">2025-07-28</subfield>
    <subfield code="y">BK</subfield>
  </datafield>
  <datafield tag="952" ind1=" " ind2=" ">
    <subfield code="0">0</subfield>
    <subfield code="1">0</subfield>
    <subfield code="2">ddc</subfield>
    <subfield code="4">0</subfield>
    <subfield code="7">0</subfield>
    <subfield code="8">NFIC</subfield>
    <subfield code="a">002</subfield>
    <subfield code="b">001</subfield>
    <subfield code="c">LSHTTP</subfield>
    <subfield code="d">2025-07-28</subfield>
    <subfield code="l">1</subfield>
    <subfield code="o">CAT 004 PZ7 </subfield>
    <subfield code="p">2025-3023</subfield>
    <subfield code="r">2025-10-21 11:12:06</subfield>
    <subfield code="s">2025-08-06</subfield>
    <subfield code="t">62.12</subfield>
    <subfield code="w">2025-07-28</subfield>
    <subfield code="y">BK</subfield>
  </datafield>
  <datafield tag="952" ind1=" " ind2=" ">
    <subfield code="0">0</subfield>
    <subfield code="1">0</subfield>
    <subfield code="2">ddc</subfield>
    <subfield code="4">0</subfield>
    <subfield code="7">0</subfield>
    <subfield code="8">NFIC</subfield>
    <subfield code="a">002</subfield>
    <subfield code="b">001</subfield>
    <subfield code="c">LSHTTP</subfield>
    <subfield code="d">2025-07-28</subfield>
    <subfield code="l">1</subfield>
    <subfield code="o">CAT 004 PZ7 </subfield>
    <subfield code="p">2025-3024</subfield>
    <subfield code="r">2025-10-21 11:12:05</subfield>
    <subfield code="s">2025-08-06</subfield>
    <subfield code="t">63.13</subfield>
    <subfield code="w">2025-07-28</subfield>
    <subfield code="y">BK</subfield>
  </datafield>
  <datafield tag="952" ind1=" " ind2=" ">
    <subfield code="0">0</subfield>
    <subfield code="1">0</subfield>
    <subfield code="2">ddc</subfield>
    <subfield code="4">0</subfield>
    <subfield code="7">0</subfield>
    <subfield code="8">NFIC</subfield>
    <subfield code="a">002</subfield>
    <subfield code="b">001</subfield>
    <subfield code="c">LSHTTP</subfield>
    <subfield code="d">2025-07-28</subfield>
    <subfield code="l">1</subfield>
    <subfield code="o">CAT 004 PZ7 </subfield>
    <subfield code="p">2025-3025</subfield>
    <subfield code="r">2025-10-21 11:12:05</subfield>
    <subfield code="s">2025-08-06</subfield>
    <subfield code="t">64.14</subfield>
    <subfield code="w">2025-07-28</subfield>
    <subfield code="y">BK</subfield>
  </datafield>
  <datafield tag="952" ind1=" " ind2=" ">
    <subfield code="0">0</subfield>
    <subfield code="1">0</subfield>
    <subfield code="2">ddc</subfield>
    <subfield code="4">0</subfield>
    <subfield code="7">0</subfield>
    <subfield code="8">NFIC</subfield>
    <subfield code="a">002</subfield>
    <subfield code="b">001</subfield>
    <subfield code="c">LSHTTP</subfield>
    <subfield code="d">2025-07-28</subfield>
    <subfield code="l">1</subfield>
    <subfield code="o">CAT 004 PZ7 </subfield>
    <subfield code="p">2025-3026</subfield>
    <subfield code="r">2025-10-21 11:12:07</subfield>
    <subfield code="s">2025-08-06</subfield>
    <subfield code="t">65.15</subfield>
    <subfield code="w">2025-07-28</subfield>
    <subfield code="y">BK</subfield>
  </datafield>
  <datafield tag="952" ind1=" " ind2=" ">
    <subfield code="0">0</subfield>
    <subfield code="1">0</subfield>
    <subfield code="2">ddc</subfield>
    <subfield code="4">0</subfield>
    <subfield code="7">0</subfield>
    <subfield code="8">NFIC</subfield>
    <subfield code="a">002</subfield>
    <subfield code="b">001</subfield>
    <subfield code="c">LSHTTP</subfield>
    <subfield code="d">2025-07-28</subfield>
    <subfield code="l">1</subfield>
    <subfield code="o">CAT 004 PZ7 </subfield>
    <subfield code="p">2025-3027</subfield>
    <subfield code="r">2025-10-21 11:12:06</subfield>
    <subfield code="s">2025-08-06</subfield>
    <subfield code="t">66.16</subfield>
    <subfield code="w">2025-07-28</subfield>
    <subfield code="y">BK</subfield>
  </datafield>
  <datafield tag="952" ind1=" " ind2=" ">
    <subfield code="0">0</subfield>
    <subfield code="1">0</subfield>
    <subfield code="2">ddc</subfield>
    <subfield code="4">0</subfield>
    <subfield code="7">0</subfield>
    <subfield code="8">NFIC</subfield>
    <subfield code="a">002</subfield>
    <subfield code="b">001</subfield>
    <subfield code="c">LSHTTP</subfield>
    <subfield code="d">2025-07-28</subfield>
    <subfield code="l">1</subfield>
    <subfield code="o">CAT 004 PZ7 </subfield>
    <subfield code="p">2025-3028</subfield>
    <subfield code="r">2025-10-21 11:12:06</subfield>
    <subfield code="s">2025-08-06</subfield>
    <subfield code="t">67.17</subfield>
    <subfield code="w">2025-07-28</subfield>
    <subfield code="y">BK</subfield>
  </datafield>
  <datafield tag="952" ind1=" " ind2=" ">
    <subfield code="0">0</subfield>
    <subfield code="1">0</subfield>
    <subfield code="2">ddc</subfield>
    <subfield code="4">0</subfield>
    <subfield code="7">0</subfield>
    <subfield code="8">NFIC</subfield>
    <subfield code="a">002</subfield>
    <subfield code="b">001</subfield>
    <subfield code="c">LSHTTP</subfield>
    <subfield code="d">2025-07-28</subfield>
    <subfield code="l">1</subfield>
    <subfield code="o">CAT 004 PZ7 </subfield>
    <subfield code="p">2025-3029</subfield>
    <subfield code="r">2025-10-21 11:12:06</subfield>
    <subfield code="s">2025-08-06</subfield>
    <subfield code="t">68.18</subfield>
    <subfield code="w">2025-07-28</subfield>
    <subfield code="y">BK</subfield>
  </datafield>
  <datafield tag="952" ind1=" " ind2=" ">
    <subfield code="0">0</subfield>
    <subfield code="1">0</subfield>
    <subfield code="2">ddc</subfield>
    <subfield code="4">0</subfield>
    <subfield code="7">0</subfield>
    <subfield code="8">NFIC</subfield>
    <subfield code="a">002</subfield>
    <subfield code="b">001</subfield>
    <subfield code="c">LSHTTP</subfield>
    <subfield code="d">2025-07-28</subfield>
    <subfield code="l">1</subfield>
    <subfield code="o">CAT 004 PZ7 </subfield>
    <subfield code="p">2025-3030</subfield>
    <subfield code="r">2025-10-21 11:14:49</subfield>
    <subfield code="s">2025-08-06</subfield>
    <subfield code="t">69.19</subfield>
    <subfield code="w">2025-07-28</subfield>
    <subfield code="y">BK</subfield>
  </datafield>
  <datafield tag="952" ind1=" " ind2=" ">
    <subfield code="0">0</subfield>
    <subfield code="1">0</subfield>
    <subfield code="2">ddc</subfield>
    <subfield code="4">0</subfield>
    <subfield code="7">0</subfield>
    <subfield code="8">NFIC</subfield>
    <subfield code="a">002</subfield>
    <subfield code="b">001</subfield>
    <subfield code="c">LSHTTP</subfield>
    <subfield code="d">2025-07-28</subfield>
    <subfield code="l">1</subfield>
    <subfield code="o">CAT 004 PZ7 </subfield>
    <subfield code="p">2025-3031</subfield>
    <subfield code="r">2025-10-21 11:14:49</subfield>
    <subfield code="s">2025-08-06</subfield>
    <subfield code="t">70.20</subfield>
    <subfield code="w">2025-07-28</subfield>
    <subfield code="y">BK</subfield>
  </datafield>
  <datafield tag="952" ind1=" " ind2=" ">
    <subfield code="0">0</subfield>
    <subfield code="1">0</subfield>
    <subfield code="2">ddc</subfield>
    <subfield code="4">0</subfield>
    <subfield code="7">0</subfield>
    <subfield code="8">NFIC</subfield>
    <subfield code="a">002</subfield>
    <subfield code="b">001</subfield>
    <subfield code="c">LSHTTP</subfield>
    <subfield code="d">2025-07-28</subfield>
    <subfield code="l">1</subfield>
    <subfield code="o">CAT 004 PZ7 </subfield>
    <subfield code="p">2025-3032</subfield>
    <subfield code="r">2025-10-21 11:14:49</subfield>
    <subfield code="s">2025-08-06</subfield>
    <subfield code="t">71.21</subfield>
    <subfield code="w">2025-07-28</subfield>
    <subfield code="y">BK</subfield>
  </datafield>
  <datafield tag="952" ind1=" " ind2=" ">
    <subfield code="0">0</subfield>
    <subfield code="1">0</subfield>
    <subfield code="2">ddc</subfield>
    <subfield code="4">0</subfield>
    <subfield code="7">0</subfield>
    <subfield code="8">NFIC</subfield>
    <subfield code="a">002</subfield>
    <subfield code="b">001</subfield>
    <subfield code="c">LSHTTP</subfield>
    <subfield code="d">2025-07-28</subfield>
    <subfield code="l">1</subfield>
    <subfield code="o">CAT 004 PZ7 </subfield>
    <subfield code="p">2025-3033</subfield>
    <subfield code="r">2025-10-21 11:14:49</subfield>
    <subfield code="s">2025-08-06</subfield>
    <subfield code="t">72.22</subfield>
    <subfield code="w">2025-07-28</subfield>
    <subfield code="y">BK</subfield>
  </datafield>
  <datafield tag="952" ind1=" " ind2=" ">
    <subfield code="0">0</subfield>
    <subfield code="1">0</subfield>
    <subfield code="2">ddc</subfield>
    <subfield code="4">0</subfield>
    <subfield code="7">0</subfield>
    <subfield code="8">NFIC</subfield>
    <subfield code="a">002</subfield>
    <subfield code="b">001</subfield>
    <subfield code="c">LSHTTP</subfield>
    <subfield code="d">2025-07-28</subfield>
    <subfield code="l">1</subfield>
    <subfield code="o">CAT 004 PZ7 </subfield>
    <subfield code="p">2025-3034</subfield>
    <subfield code="r">2025-10-21 11:14:49</subfield>
    <subfield code="s">2025-08-06</subfield>
    <subfield code="t">73.23</subfield>
    <subfield code="w">2025-07-28</subfield>
    <subfield code="y">BK</subfield>
  </datafield>
  <datafield tag="952" ind1=" " ind2=" ">
    <subfield code="0">0</subfield>
    <subfield code="1">0</subfield>
    <subfield code="2">ddc</subfield>
    <subfield code="4">0</subfield>
    <subfield code="7">0</subfield>
    <subfield code="8">NFIC</subfield>
    <subfield code="a">002</subfield>
    <subfield code="b">001</subfield>
    <subfield code="c">LSHTTP</subfield>
    <subfield code="d">2025-07-28</subfield>
    <subfield code="l">1</subfield>
    <subfield code="o">CAT 004 PZ7 </subfield>
    <subfield code="p">2025-3035</subfield>
    <subfield code="r">2025-10-21 11:14:48</subfield>
    <subfield code="s">2025-08-06</subfield>
    <subfield code="t">74.24</subfield>
    <subfield code="w">2025-07-28</subfield>
    <subfield code="y">BK</subfield>
  </datafield>
  <datafield tag="952" ind1=" " ind2=" ">
    <subfield code="0">0</subfield>
    <subfield code="1">0</subfield>
    <subfield code="2">ddc</subfield>
    <subfield code="4">0</subfield>
    <subfield code="7">0</subfield>
    <subfield code="8">NFIC</subfield>
    <subfield code="a">002</subfield>
    <subfield code="b">001</subfield>
    <subfield code="c">LSHTTP</subfield>
    <subfield code="d">2025-07-28</subfield>
    <subfield code="l">1</subfield>
    <subfield code="o">CAT 004 PZ7 </subfield>
    <subfield code="p">2025-3036</subfield>
    <subfield code="r">2025-10-21 11:14:48</subfield>
    <subfield code="s">2025-08-06</subfield>
    <subfield code="t">75.25</subfield>
    <subfield code="w">2025-07-28</subfield>
    <subfield code="y">BK</subfield>
  </datafield>
  <datafield tag="952" ind1=" " ind2=" ">
    <subfield code="0">0</subfield>
    <subfield code="1">0</subfield>
    <subfield code="2">ddc</subfield>
    <subfield code="4">0</subfield>
    <subfield code="7">0</subfield>
    <subfield code="8">NFIC</subfield>
    <subfield code="a">002</subfield>
    <subfield code="b">001</subfield>
    <subfield code="c">LSHTTP</subfield>
    <subfield code="d">2025-07-28</subfield>
    <subfield code="l">1</subfield>
    <subfield code="o">CAT 004 PZ7 </subfield>
    <subfield code="p">2025-3037</subfield>
    <subfield code="r">2025-10-21 11:14:48</subfield>
    <subfield code="s">2025-08-06</subfield>
    <subfield code="t">76.26</subfield>
    <subfield code="w">2025-07-28</subfield>
    <subfield code="y">BK</subfield>
  </datafield>
  <datafield tag="952" ind1=" " ind2=" ">
    <subfield code="0">0</subfield>
    <subfield code="1">0</subfield>
    <subfield code="2">ddc</subfield>
    <subfield code="4">0</subfield>
    <subfield code="7">0</subfield>
    <subfield code="8">NFIC</subfield>
    <subfield code="a">002</subfield>
    <subfield code="b">001</subfield>
    <subfield code="c">LSHTTP</subfield>
    <subfield code="d">2025-07-28</subfield>
    <subfield code="l">1</subfield>
    <subfield code="o">CAT 004 PZ7 </subfield>
    <subfield code="p">2025-3038</subfield>
    <subfield code="r">2025-10-21 11:14:48</subfield>
    <subfield code="s">2025-08-06</subfield>
    <subfield code="t">77.27</subfield>
    <subfield code="w">2025-07-28</subfield>
    <subfield code="y">BK</subfield>
  </datafield>
  <datafield tag="952" ind1=" " ind2=" ">
    <subfield code="0">0</subfield>
    <subfield code="1">0</subfield>
    <subfield code="2">ddc</subfield>
    <subfield code="4">0</subfield>
    <subfield code="7">0</subfield>
    <subfield code="8">NFIC</subfield>
    <subfield code="a">002</subfield>
    <subfield code="b">001</subfield>
    <subfield code="c">LSHTTP</subfield>
    <subfield code="d">2025-07-28</subfield>
    <subfield code="l">1</subfield>
    <subfield code="o">CAT 004 PZ7 </subfield>
    <subfield code="p">2025-3039</subfield>
    <subfield code="r">2025-10-21 11:14:48</subfield>
    <subfield code="s">2025-08-06</subfield>
    <subfield code="t">78.28</subfield>
    <subfield code="w">2025-07-28</subfield>
    <subfield code="y">BK</subfield>
  </datafield>
  <datafield tag="952" ind1=" " ind2=" ">
    <subfield code="0">0</subfield>
    <subfield code="1">0</subfield>
    <subfield code="2">ddc</subfield>
    <subfield code="4">0</subfield>
    <subfield code="7">0</subfield>
    <subfield code="8">NFIC</subfield>
    <subfield code="a">002</subfield>
    <subfield code="b">001</subfield>
    <subfield code="c">LSHTTP</subfield>
    <subfield code="d">2025-07-28</subfield>
    <subfield code="l">1</subfield>
    <subfield code="o">CAT 004 PZ7 </subfield>
    <subfield code="p">2025-3040</subfield>
    <subfield code="r">2025-10-21 11:14:49</subfield>
    <subfield code="s">2025-08-06</subfield>
    <subfield code="t">79.29</subfield>
    <subfield code="w">2025-07-28</subfield>
    <subfield code="y">BK</subfield>
  </datafield>
  <datafield tag="952" ind1=" " ind2=" ">
    <subfield code="0">0</subfield>
    <subfield code="1">0</subfield>
    <subfield code="2">ddc</subfield>
    <subfield code="4">0</subfield>
    <subfield code="7">0</subfield>
    <subfield code="8">NFIC</subfield>
    <subfield code="a">002</subfield>
    <subfield code="b">001</subfield>
    <subfield code="c">LSHTTP</subfield>
    <subfield code="d">2025-07-28</subfield>
    <subfield code="l">1</subfield>
    <subfield code="o">CAT 004 PZ7 </subfield>
    <subfield code="p">2025-3041</subfield>
    <subfield code="r">2025-10-21 11:14:49</subfield>
    <subfield code="s">2025-08-06</subfield>
    <subfield code="t">80.30</subfield>
    <subfield code="w">2025-07-28</subfield>
    <subfield code="y">BK</subfield>
  </datafield>
  <datafield tag="952" ind1=" " ind2=" ">
    <subfield code="0">0</subfield>
    <subfield code="1">0</subfield>
    <subfield code="2">ddc</subfield>
    <subfield code="4">0</subfield>
    <subfield code="7">0</subfield>
    <subfield code="8">NFIC</subfield>
    <subfield code="a">002</subfield>
    <subfield code="b">001</subfield>
    <subfield code="c">LSHTTP</subfield>
    <subfield code="d">2025-07-28</subfield>
    <subfield code="l">1</subfield>
    <subfield code="o">CAT 004 PZ7 </subfield>
    <subfield code="p">2025-3042</subfield>
    <subfield code="r">2025-10-21 11:14:48</subfield>
    <subfield code="s">2025-08-06</subfield>
    <subfield code="t">81.31</subfield>
    <subfield code="w">2025-07-28</subfield>
    <subfield code="y">BK</subfield>
  </datafield>
  <datafield tag="952" ind1=" " ind2=" ">
    <subfield code="0">0</subfield>
    <subfield code="1">0</subfield>
    <subfield code="2">ddc</subfield>
    <subfield code="4">0</subfield>
    <subfield code="7">0</subfield>
    <subfield code="8">NFIC</subfield>
    <subfield code="a">002</subfield>
    <subfield code="b">001</subfield>
    <subfield code="c">LSHTTP</subfield>
    <subfield code="d">2025-07-28</subfield>
    <subfield code="l">1</subfield>
    <subfield code="o">CAT 004 PZ7 </subfield>
    <subfield code="p">2025-3043</subfield>
    <subfield code="r">2025-10-21 11:14:49</subfield>
    <subfield code="s">2025-08-06</subfield>
    <subfield code="t">82.32</subfield>
    <subfield code="w">2025-07-28</subfield>
    <subfield code="y">BK</subfield>
  </datafield>
  <datafield tag="952" ind1=" " ind2=" ">
    <subfield code="0">0</subfield>
    <subfield code="1">0</subfield>
    <subfield code="2">ddc</subfield>
    <subfield code="4">0</subfield>
    <subfield code="7">0</subfield>
    <subfield code="8">NFIC</subfield>
    <subfield code="a">002</subfield>
    <subfield code="b">001</subfield>
    <subfield code="c">LSHTTP</subfield>
    <subfield code="d">2025-07-28</subfield>
    <subfield code="l">1</subfield>
    <subfield code="o">CAT 004 PZ7 </subfield>
    <subfield code="p">2025-3044</subfield>
    <subfield code="r">2025-10-21 11:14:49</subfield>
    <subfield code="s">2025-08-06</subfield>
    <subfield code="t">83.33</subfield>
    <subfield code="w">2025-07-28</subfield>
    <subfield code="y">BK</subfield>
  </datafield>
  <datafield tag="952" ind1=" " ind2=" ">
    <subfield code="0">0</subfield>
    <subfield code="1">0</subfield>
    <subfield code="2">ddc</subfield>
    <subfield code="4">0</subfield>
    <subfield code="7">0</subfield>
    <subfield code="8">NFIC</subfield>
    <subfield code="a">002</subfield>
    <subfield code="b">001</subfield>
    <subfield code="c">LSHTTP</subfield>
    <subfield code="d">2025-07-28</subfield>
    <subfield code="l">1</subfield>
    <subfield code="o">CAT 004 PZ7 </subfield>
    <subfield code="p">2025-3045</subfield>
    <subfield code="r">2025-10-21 11:14:49</subfield>
    <subfield code="s">2025-08-06</subfield>
    <subfield code="t">84.34</subfield>
    <subfield code="w">2025-07-28</subfield>
    <subfield code="y">BK</subfield>
  </datafield>
  <datafield tag="952" ind1=" " ind2=" ">
    <subfield code="0">0</subfield>
    <subfield code="1">0</subfield>
    <subfield code="2">ddc</subfield>
    <subfield code="4">0</subfield>
    <subfield code="7">0</subfield>
    <subfield code="8">NFIC</subfield>
    <subfield code="a">002</subfield>
    <subfield code="b">001</subfield>
    <subfield code="c">LSHTTP</subfield>
    <subfield code="d">2025-07-28</subfield>
    <subfield code="l">1</subfield>
    <subfield code="o">CAT 004 PZ7 </subfield>
    <subfield code="p">2025-3046</subfield>
    <subfield code="r">2025-10-21 11:14:49</subfield>
    <subfield code="s">2025-08-06</subfield>
    <subfield code="t">85.35</subfield>
    <subfield code="w">2025-07-28</subfield>
    <subfield code="y">BK</subfield>
  </datafield>
  <datafield tag="952" ind1=" " ind2=" ">
    <subfield code="0">0</subfield>
    <subfield code="1">0</subfield>
    <subfield code="2">ddc</subfield>
    <subfield code="4">0</subfield>
    <subfield code="7">0</subfield>
    <subfield code="8">NFIC</subfield>
    <subfield code="a">002</subfield>
    <subfield code="b">001</subfield>
    <subfield code="c">LSHTTP</subfield>
    <subfield code="d">2025-07-28</subfield>
    <subfield code="l">1</subfield>
    <subfield code="o">CAT 004 PZ7 </subfield>
    <subfield code="p">2025-3047</subfield>
    <subfield code="r">2025-10-21 11:14:49</subfield>
    <subfield code="s">2025-08-06</subfield>
    <subfield code="t">86.36</subfield>
    <subfield code="w">2025-07-28</subfield>
    <subfield code="y">BK</subfield>
  </datafield>
  <datafield tag="952" ind1=" " ind2=" ">
    <subfield code="0">0</subfield>
    <subfield code="1">0</subfield>
    <subfield code="2">ddc</subfield>
    <subfield code="4">0</subfield>
    <subfield code="7">0</subfield>
    <subfield code="8">NFIC</subfield>
    <subfield code="a">002</subfield>
    <subfield code="b">002</subfield>
    <subfield code="c">LSHTTP</subfield>
    <subfield code="d">2025-07-28</subfield>
    <subfield code="l">0</subfield>
    <subfield code="o">CAT 004 PZ7 </subfield>
    <subfield code="p">2025-3048</subfield>
    <subfield code="r">2025-07-28 10:23:38</subfield>
    <subfield code="t">87.37</subfield>
    <subfield code="w">2025-07-28</subfield>
    <subfield code="y">BK</subfield>
  </datafield>
  <datafield tag="952" ind1=" " ind2=" ">
    <subfield code="0">0</subfield>
    <subfield code="1">0</subfield>
    <subfield code="2">ddc</subfield>
    <subfield code="4">0</subfield>
    <subfield code="7">0</subfield>
    <subfield code="8">NFIC</subfield>
    <subfield code="a">002</subfield>
    <subfield code="b">002</subfield>
    <subfield code="c">LSHTTP</subfield>
    <subfield code="d">2025-07-28</subfield>
    <subfield code="l">0</subfield>
    <subfield code="o">CAT 004 PZ7 </subfield>
    <subfield code="p">2025-3049</subfield>
    <subfield code="r">2025-07-28 10:23:51</subfield>
    <subfield code="t">88.38</subfield>
    <subfield code="w">2025-07-28</subfield>
    <subfield code="y">BK</subfield>
  </datafield>
  <datafield tag="952" ind1=" " ind2=" ">
    <subfield code="0">0</subfield>
    <subfield code="1">0</subfield>
    <subfield code="2">ddc</subfield>
    <subfield code="4">0</subfield>
    <subfield code="7">0</subfield>
    <subfield code="8">NFIC</subfield>
    <subfield code="a">002</subfield>
    <subfield code="b">002</subfield>
    <subfield code="c">LSHTTP</subfield>
    <subfield code="d">2025-07-28</subfield>
    <subfield code="l">0</subfield>
    <subfield code="o">CAT 004 PZ7 </subfield>
    <subfield code="p">2025-3050</subfield>
    <subfield code="r">2025-07-28 10:24:07</subfield>
    <subfield code="t">89.39</subfield>
    <subfield code="w">2025-07-28</subfield>
    <subfield code="y">BK</subfield>
  </datafield>
  <datafield tag="952" ind1=" " ind2=" ">
    <subfield code="0">0</subfield>
    <subfield code="1">0</subfield>
    <subfield code="2">ddc</subfield>
    <subfield code="4">0</subfield>
    <subfield code="7">0</subfield>
    <subfield code="8">NFIC</subfield>
    <subfield code="a">002</subfield>
    <subfield code="b">002</subfield>
    <subfield code="c">LSHTTP</subfield>
    <subfield code="d">2025-07-28</subfield>
    <subfield code="l">0</subfield>
    <subfield code="o">CAT 004 PZ7 </subfield>
    <subfield code="p">2025-3051</subfield>
    <subfield code="r">2025-07-28 10:24:21</subfield>
    <subfield code="t">90.40</subfield>
    <subfield code="w">2025-07-28</subfield>
    <subfield code="y">BK</subfield>
  </datafield>
  <datafield tag="952" ind1=" " ind2=" ">
    <subfield code="0">0</subfield>
    <subfield code="1">0</subfield>
    <subfield code="2">ddc</subfield>
    <subfield code="4">0</subfield>
    <subfield code="7">0</subfield>
    <subfield code="8">NFIC</subfield>
    <subfield code="a">002</subfield>
    <subfield code="b">002</subfield>
    <subfield code="c">LSHTTP</subfield>
    <subfield code="d">2025-07-28</subfield>
    <subfield code="l">0</subfield>
    <subfield code="o">CAT 004 PZ7 </subfield>
    <subfield code="p">2025-3052</subfield>
    <subfield code="r">2025-07-28 10:24:35</subfield>
    <subfield code="t">91.41</subfield>
    <subfield code="w">2025-07-28</subfield>
    <subfield code="y">BK</subfield>
  </datafield>
  <datafield tag="952" ind1=" " ind2=" ">
    <subfield code="0">0</subfield>
    <subfield code="1">0</subfield>
    <subfield code="2">ddc</subfield>
    <subfield code="4">0</subfield>
    <subfield code="7">0</subfield>
    <subfield code="8">NFIC</subfield>
    <subfield code="a">002</subfield>
    <subfield code="b">002</subfield>
    <subfield code="c">LSHTTP</subfield>
    <subfield code="d">2025-07-28</subfield>
    <subfield code="l">0</subfield>
    <subfield code="o">CAT 004 PZ7 </subfield>
    <subfield code="p">2025-3053</subfield>
    <subfield code="r">2025-07-28 10:24:51</subfield>
    <subfield code="t">92.42</subfield>
    <subfield code="w">2025-07-28</subfield>
    <subfield code="y">BK</subfield>
  </datafield>
  <datafield tag="952" ind1=" " ind2=" ">
    <subfield code="0">0</subfield>
    <subfield code="1">0</subfield>
    <subfield code="2">ddc</subfield>
    <subfield code="4">0</subfield>
    <subfield code="7">0</subfield>
    <subfield code="8">NFIC</subfield>
    <subfield code="a">002</subfield>
    <subfield code="b">002</subfield>
    <subfield code="c">LSHTTP</subfield>
    <subfield code="d">2025-07-28</subfield>
    <subfield code="l">0</subfield>
    <subfield code="o">CAT 004 PZ7 </subfield>
    <subfield code="p">2025-3054</subfield>
    <subfield code="r">2025-07-28 10:25:06</subfield>
    <subfield code="t">93.43</subfield>
    <subfield code="w">2025-07-28</subfield>
    <subfield code="y">BK</subfield>
  </datafield>
  <datafield tag="952" ind1=" " ind2=" ">
    <subfield code="0">0</subfield>
    <subfield code="1">0</subfield>
    <subfield code="2">ddc</subfield>
    <subfield code="4">0</subfield>
    <subfield code="7">0</subfield>
    <subfield code="8">NFIC</subfield>
    <subfield code="a">002</subfield>
    <subfield code="b">002</subfield>
    <subfield code="c">LSHTTP</subfield>
    <subfield code="d">2025-07-28</subfield>
    <subfield code="l">0</subfield>
    <subfield code="o">CAT 004 PZ7 </subfield>
    <subfield code="p">2025-3055</subfield>
    <subfield code="r">2025-07-28 10:25:20</subfield>
    <subfield code="t">94.44</subfield>
    <subfield code="w">2025-07-28</subfield>
    <subfield code="y">BK</subfield>
  </datafield>
  <datafield tag="952" ind1=" " ind2=" ">
    <subfield code="0">0</subfield>
    <subfield code="1">0</subfield>
    <subfield code="2">ddc</subfield>
    <subfield code="4">0</subfield>
    <subfield code="7">0</subfield>
    <subfield code="8">NFIC</subfield>
    <subfield code="a">002</subfield>
    <subfield code="b">002</subfield>
    <subfield code="c">LSHTTP</subfield>
    <subfield code="d">2025-07-28</subfield>
    <subfield code="l">0</subfield>
    <subfield code="o">CAT 004 PZ7 </subfield>
    <subfield code="p">2025-3056</subfield>
    <subfield code="r">2025-07-28 10:25:34</subfield>
    <subfield code="t">95.45</subfield>
    <subfield code="w">2025-07-28</subfield>
    <subfield code="y">BK</subfield>
  </datafield>
  <datafield tag="952" ind1=" " ind2=" ">
    <subfield code="0">0</subfield>
    <subfield code="1">0</subfield>
    <subfield code="2">ddc</subfield>
    <subfield code="4">0</subfield>
    <subfield code="7">0</subfield>
    <subfield code="8">NFIC</subfield>
    <subfield code="a">002</subfield>
    <subfield code="b">002</subfield>
    <subfield code="c">LSHTTP</subfield>
    <subfield code="d">2025-07-28</subfield>
    <subfield code="l">0</subfield>
    <subfield code="o">CAT 004 PZ7 </subfield>
    <subfield code="p">2025-3057</subfield>
    <subfield code="r">2025-07-28 10:25:50</subfield>
    <subfield code="t">96.46</subfield>
    <subfield code="w">2025-07-28</subfield>
    <subfield code="y">BK</subfield>
  </datafield>
  <datafield tag="952" ind1=" " ind2=" ">
    <subfield code="0">0</subfield>
    <subfield code="1">0</subfield>
    <subfield code="2">ddc</subfield>
    <subfield code="4">0</subfield>
    <subfield code="7">0</subfield>
    <subfield code="8">NFIC</subfield>
    <subfield code="a">002</subfield>
    <subfield code="b">002</subfield>
    <subfield code="c">LSHTTP</subfield>
    <subfield code="d">2025-07-28</subfield>
    <subfield code="l">0</subfield>
    <subfield code="o">CAT 004 PZ7 </subfield>
    <subfield code="p">2025-3058</subfield>
    <subfield code="r">2025-07-28 10:26:05</subfield>
    <subfield code="t">97.47</subfield>
    <subfield code="w">2025-07-28</subfield>
    <subfield code="y">BK</subfield>
  </datafield>
  <datafield tag="952" ind1=" " ind2=" ">
    <subfield code="0">0</subfield>
    <subfield code="1">0</subfield>
    <subfield code="2">ddc</subfield>
    <subfield code="4">0</subfield>
    <subfield code="7">0</subfield>
    <subfield code="8">NFIC</subfield>
    <subfield code="a">002</subfield>
    <subfield code="b">002</subfield>
    <subfield code="c">LSHTTP</subfield>
    <subfield code="d">2025-07-28</subfield>
    <subfield code="l">0</subfield>
    <subfield code="o">CAT 004 PZ7 </subfield>
    <subfield code="p">2025-3059</subfield>
    <subfield code="r">2025-07-28 10:26:21</subfield>
    <subfield code="t">98.48</subfield>
    <subfield code="w">2025-07-28</subfield>
    <subfield code="y">BK</subfield>
  </datafield>
  <datafield tag="952" ind1=" " ind2=" ">
    <subfield code="0">0</subfield>
    <subfield code="1">0</subfield>
    <subfield code="2">ddc</subfield>
    <subfield code="4">0</subfield>
    <subfield code="7">0</subfield>
    <subfield code="8">NFIC</subfield>
    <subfield code="a">002</subfield>
    <subfield code="b">002</subfield>
    <subfield code="c">LSHTTP</subfield>
    <subfield code="d">2025-07-28</subfield>
    <subfield code="l">0</subfield>
    <subfield code="o">CAT 004 PZ7 </subfield>
    <subfield code="p">2025-3060</subfield>
    <subfield code="r">2025-07-28 10:26:36</subfield>
    <subfield code="t">99.49</subfield>
    <subfield code="w">2025-07-28</subfield>
    <subfield code="y">BK</subfield>
  </datafield>
  <datafield tag="952" ind1=" " ind2=" ">
    <subfield code="0">0</subfield>
    <subfield code="1">0</subfield>
    <subfield code="2">ddc</subfield>
    <subfield code="4">0</subfield>
    <subfield code="7">0</subfield>
    <subfield code="8">NFIC</subfield>
    <subfield code="a">002</subfield>
    <subfield code="b">002</subfield>
    <subfield code="c">LSHTTP</subfield>
    <subfield code="d">2025-07-28</subfield>
    <subfield code="l">0</subfield>
    <subfield code="o">CAT 004 PZ7 </subfield>
    <subfield code="p">2025-3061</subfield>
    <subfield code="r">2025-07-28 10:26:51</subfield>
    <subfield code="t">100.50</subfield>
    <subfield code="w">2025-07-28</subfield>
    <subfield code="y">BK</subfield>
  </datafield>
</record>
